Introduction to food toxicology / (Record no. 112028)
[ view plain ]
| 000 -LEADER | |
|---|---|
| fixed length control field | 00594pam a2200205 a 4500 |
| 001 - CONTROL NUMBER | |
| control field | 16003417 |
| 005 - DATE AND TIME OF LATEST TRANSACTION | |
| control field | 20190413092126.0 |
| 008 - FIXED-LENGTH DATA ELEMENTS--GENERAL INFORMATION | |
| fixed length control field | 091201s2009 ne a b 001 0 eng |
| 020 ## - INTERNATIONAL STANDARD BOOK NUMBER | |
| International Standard Book Number | 9780123742865 |
| 040 ## - CATALOGING SOURCE | |
| Transcribing agency | PK-LaUMT |
| 082 ## - DEWEY DECIMAL CLASSIFICATION NUMBER | |
| Classification number | 615.956 |
| Item number | SHI-I |
| 100 1# - MAIN ENTRY--PERSONAL NAME | |
| Personal name | Shibamoto, Takayuki |
| 245 10 - TITLE STATEMENT | |
| Title | Introduction to food toxicology / |
| Statement of responsibility, etc | by Takayuki Shibamoto and Leonard Bjeldanes |
| 250 ## - EDITION STATEMENT | |
| Edition statement | 2nd ed. |
| 260 ## - PUBLICATION, DISTRIBUTION, ETC. (IMPRINT) | |
| Place of publication, distribution, etc | Amsterdam ; |
| -- | Boston : |
| Name of publisher, distributor, etc | Elsevier/AP, |
| Date of publication, distribution, etc | 2009 |
| 300 ## - PHYSICAL DESCRIPTION | |
| Extent | x, 309 p. : |
| Other physical details | ill. ; |
| Dimensions | 24 cm. |
| 650 #0 - SUBJECT ADDED ENTRY--TOPICAL TERM | |
| Topical term or geographic name as entry element | Food |
| General subdivision | Toxicology. |
| 700 1# - ADDED ENTRY--PERSONAL NAME | |
| Personal name | Bjeldanes, Leonard F. |
| 942 ## - ADDED ENTRY ELEMENTS (KOHA) | |
| Koha item type | Books |
| Withdrawn status | Lost status | Damaged status | Home library | Current library | Date acquired | Full call number | Barcode | Date last seen | Price effective from | Koha item type |
|---|---|---|---|---|---|---|---|---|---|---|
| UMT Main Campus | UMT Main Campus | 2019-04-13 | 615.956 SHI-I | 129632 | 2020-08-11 | 2019-04-13 | Books |
